Все про працб і зарплату №5 (Record no. 206736)

MARC details
001 - Ідентифікатор запису
Ідентифікатор запису 206736
101 ## - Мова
Мова українська
102 ## - Країна публікації/виробництва
Країна Україна
200 ## - Назва
Назва Все про працб і зарплату №5
210 ## - Місце та час видання
Дата видання 2025
942 ## - Додаткові дані (Коха)
Тип одиниці Журнали
000 -Маркер запису
Маркер (контрольне поле довжиною 24 байти) 00333nam 22001453 4500
005 - Ідентифікатор версії
Ідентифікатор версії 20250527122930.0
100 ## - Дані загальної обробки
Дані загальної обробки 20250527 ukry50
801 ## - Джерело походження запису
Код бібліографічного формату unimarc
Країна Україна
Правила каталогізації psbo
Holdings
Джерельне місце зберігання Поточне місце зберігання чи видачі Тип одиниці (рівень примірника) <br/>&nbsp; Штрих-код Джерело класифікації чи схема поличного розташування Дата внесення в Коха Стан списання <br/>&nbsp;<br/>&nbsp; Стан обігу (не для випожичання) Стан пошкодження Стан втрати/відсутності Дата, коли останній раз бачено примірник Дата останнього редагування примірника
Читальний зал Читальний зал Журнали 2025/5Зар Універсальна десяткова класифікація (УДК) 27/05/2025         27/05/2025 2025-05-27 12:29:49

Powered by Koha